Analýza podnikových aktivít vybraných obchodných zariadení z pohľadu spotrebiteľskej politiky

Vývoj hospodárskej recesie na nákupné správanie spotrebiteľov a činnosť vybraných obchodných podnikov. Úroveň spotrebiteľskej politiky na slovenskom trhu. Nástroje používané na stimulovanie spotrebiteľov v obchodných sieťach.

Na minha lista:
Detalhes bibliográficos
Autor principal: Valášková, Katarína
Formato: Capítulo de Livro
Idioma:eslovaco
Assuntos:
Tags: Adicionar Tag
Sem tags, seja o primeiro a adicionar uma tag!

MARC

LEADER 00000naa a2200000 4500
001 0200218
005 20231207080143.3
041 0 |a slo 
044 |a SK 
245 1 0 |a Analýza podnikových aktivít vybraných obchodných zariadení z pohľadu spotrebiteľskej politiky  |c Katarína Valášková 
520 |a Vývoj hospodárskej recesie na nákupné správanie spotrebiteľov a činnosť vybraných obchodných podnikov. Úroveň spotrebiteľskej politiky na slovenskom trhu. Nástroje používané na stimulovanie spotrebiteľov v obchodných sieťach. 
610 2 0 |a obrat maloobchodný 
610 2 0 |a podpora predaja 
610 2 0 |a manažment sortimentný 
610 2 0 |a značky maloobchodné 
610 2 0 |a megamarkety 
610 2 0 |a správanie spotrebiteľa 
100 1 |a Valášková, Katarína